Principales obligaciones del empleador : (Registro nro. 21724)
[ vista simple ]
| 000 -Cabecera | |
|---|---|
| Campo de control interno | 01366nam a2200277Ia 4500 |
| 005 - Fecha y hora del registro | |
| control field | 20260401153515.0 |
| 008 - Elementos de Longitud Fija | |
| fixed length control field | 260320s9999||||xx |||||||||||||| ||und|| |
| 020 ## - ISBN | |
| ISBN | 9786123331573 |
| 041 ## - Idioma | |
| Codigo Idioma | ESP |
| 082 ## - DEWEY y NOTACIÓN INTERNA | |
| Dewey | 348.6 |
| Notación Interna | T22 |
| 100 ## - AUTOR | |
| Autor denominación | Tarazona Pinedo, Manolo Narciso, |
| Término de relación | autor |
| 245 #0 - TÍTULO DE MATERIAL BIBLIOGRÁFICO | |
| Título | Principales obligaciones del empleador : |
| Título paralelo | un estudio detallado |
| 250 ## - EDICIÓN | |
| Edición | Primera edición |
| 260 ## - CIUDAD, EDITORIAL, AÑO | |
| Ciudad | Lima : |
| Nombre de la Editorial | Gaceta Jurírica, |
| Año | 2025 |
| 300 ## - DESCRIPCIÓN | |
| N° Páginas | 206 páginas : |
| Otros detalles | tablas, gráficos ; |
| Dimensiones | 25 cm. |
| 650 ## - TEMAS | |
| Temas | Ciencias Sociales |
| 653 ## - DESCRIPTORES | |
| Lenguajes no controlado | Derecho del trabajo; Relación laboral; Beneficios sociales; Seguridad y salud en el trabajo |
| 654 ## - PROGRAMAS | |
| Programa | |
| 700 ## - OTROS AUTORES | |
| Otros autores | Morillo Villavicencio, Analí Shihomara, |
| 856 ## - URL - UBICACIÓN | |
| URI/URL: Enlace exacto del recurso | <a href="https://itmsp.museknowledge.com/UCSP?url=https://www.ebooks7-24.com:443/?il=43449&pg=1">https://itmsp.museknowledge.com/UCSP?url=https://www.ebooks7-24.com:443/?il=43449&pg=1</a> |
| Nota pública: Versión digital | <a href="Véase además: Cartilla laboral 2022: teoría y práctica. Medidas laborales, seguridad social y nómina electrónica . Versión digital">Véase además: Cartilla laboral 2022: teoría y práctica. Medidas laborales, seguridad social y nómina electrónica . Versión digital</a> |
| 856 ## - URL - UBICACIÓN | |
| URI/URL: Enlace exacto del recurso | <a href="https://0u213uy59-y-https-ebooks7--24-com.itmsp.museknowledge.com/biblioteca.aspx">https://0u213uy59-y-https-ebooks7--24-com.itmsp.museknowledge.com/biblioteca.aspx</a> |
| Nota pública: Versión digital | <a href="Véase además: Base de datos Ebook7-24">Véase además: Base de datos Ebook7-24</a> |
| 856 ## - URL - UBICACIÓN | |
| URI/URL: Enlace exacto del recurso | <a href="https://legal-legis-com-pe.ucsp.lookproxy.com/home/Corporativo">https://legal-legis-com-pe.ucsp.lookproxy.com/home/Corporativo</a> |
| Nota pública: Versión digital | <a href="Véase además: Base de datos Multilegis">Véase además: Base de datos Multilegis</a> |
| 856 ## - URL - UBICACIÓN | |
| URI/URL: Enlace exacto del recurso | <a href="https://0u214uy5f-y-https-app-vlex-com.itmsp.museknowledge.com/">https://0u214uy5f-y-https-app-vlex-com.itmsp.museknowledge.com/</a> |
| Nota pública: Versión digital | <a href="Véase además: Base de datos Vlex">Véase además: Base de datos Vlex</a> |
| 942 ## - ELEMENTOS DE KOHA | |
| Tipo de documento | Libro |
| Nombre del creador | Justo Noguera |
| Código de catalogador | Margarita Torres |
| Esquema de clasificación | Dewey Decimal Classification |
| Codigo completo | Registro | Colección | Copia número | Disponibilidad | Tipo de préstamo | Biblioteca Actual | Procedencia (Biblioteca) | Ubicacón | Fecha Ingreso | Tipo de Adquisición | Date last seen | Total checkouts | Price effective from | Tipo de Item | Estado del Material | Fuente de Clasificación | Damaged status | Withdrawn status |
|---|---|---|---|---|---|---|---|---|---|---|---|---|---|---|---|---|---|---|
| 348.6 T22 | 1085271 | Universidad Católica San Pablo | 1 | Disponible | Disponible | Víctor Andrés Belaunde | Víctor Andrés Belaunde | Primer piso | 01/04/2026 | Suscripción | 01/04/2026 | 01/04/2026 | Libro | Bueno | Dewey Decimal Classification |




